Geography Quiz

Random Geography or City Quiz
Score 0/135 Timer 20:00
0 Plays Today
Municipality % Correct
Chicago
97.4%
Oak Park
88.6%
Evanston
87.9%
Arlington Heights
87.3%
Schaumburg
86.3%
Cicero
84%
Skokie
83.6%
Oak Lawn
82.6%
Tinley Park
82.5%
Wilmette
81.7%
Chicago Heights
81.1%
Northbrook
81.1%
Orland Park
80.6%
Winnetka
80.4%
Palatine
80.2%
Des Plaines
80%
Barrington
79.3%
Glenview
79.3%
Alsip
79.1%
Park Ridge
78.4%
Niles
78.3%
Oak Forest
78.3%
Mount Prospect
77.4%
Palos Heights
77.3%
River Forest
77.2%
Harvey
77.1%
Elk Grove Village
77%
Berwyn
76.9%
Wheeling
76.6%
Calumet City
76.5%
Palos Hills
75.8%
Glencoe
75.5%
Palos Park
75.5%
Forest Park
75.2%
Homewood
75.2%
Hoffman Estates
74.7%
Park Forest
74.5%
Elgin
74.2%
La Grange
74.2%
Buffalo Grove
73.8%
Riverside
73.8%
Rosemont
73.4%
Bensenville
72.8%
Blue Island
72.7%
Flossmoor
72.7%
Municipality % Correct
Oak Brook
72.4%
Rolling Meadows
71.8%
Kenilworth
71.6%
Norridge
71.4%
Brookfield
71.3%
Elmhurst
71.2%
Franklin Park
71.2%
Hinsdale
71.1%
Melrose Park
71%
Deerfield
70.7%
Worth
70.5%
Elmwood Park
70.4%
Maywood
70.2%
Morton Grove
70.2%
Orland Hills
70.1%
Dolton
70%
South Barrington
70%
Lincolnwood
69.5%
Barrington Hills
69.4%
Northfield
69.1%
Prospect Heights
69.1%
Golf
69%
Lemont
68.5%
Schiller Park
68.3%
Chicago Ridge
68.1%
Calumet Park
67.9%
Bellwood
67.8%
Roselle
67.8%
La Grange Park
67.7%
Western Springs
67.4%
Lansing
66.7%
Harwood Heights
66.5%
Westchester
66.5%
Lyons
66.1%
Hillside
66%
Bartlett
65.9%
South Holland
65.9%
Country Club Hills
65.6%
Bridgeview
65.2%
Inverness
65.2%
River Grove
65.2%
Burbank
65.1%
Matteson
65%
Evergreen Park
64.7%
Summit
64.6%
Municipality % Correct
Riverdale
64.5%
Streamwood
64.3%
North Riverside
64.2%
Hanover Park
64.1%
South Chicago Heights
63.5%
Glenwood
63.3%
Northlake
63.3%
Stone Park
63.2%
Ford Heights
62.5%
Justice
62.2%
Bedford Park
61.7%
Crestwood
61.6%
East Dundee
61.5%
Frankfort
61.3%
Markham
61.2%
University Park
61.2%
Olympia Fields
60.6%
Stickney
60.6%
Hazel Crest
60.4%
Burr Ridge
60.3%
Midlothian
58.6%
Dixmoor
58.4%
McCook
58%
Hometown
57.9%
Broadview
57.5%
Posen
57.5%
Sauk Village
57.5%
Burnham
57.3%
Countryside
56.5%
Phoenix
56%
Woodridge
56%
Robbins
55.8%
Berkeley
55.2%
Richton Park
55.1%
Thornton
55.1%
Deer Park
54.8%
Hickory Hills
54.5%
East Hazel Crest
54.1%
Lynwood
53.6%
Steger
53.5%
Willow Springs
52.5%
Merrionette Park
51.6%
Indian Head Park
51.5%
Forest View
50.5%
Hodgkins
43.6%

You're not logged in!

Compare scores with friends on all Sporcle quizzes.
OR
Log In

Sporcle TV

Today on Sporcle TV


Watch our educational content, quiz creation guides, and fun videos on Sporcle TV.

Show Comments

Extras

Top Quizzes Today


Score Distribution

Paid Content

Your Account Isn't Verified!

In order to create a playlist on Sporcle, you need to verify the email address you used during registration. Go to your Sporcle Settings to finish the process.

Report this User

Report this user for behavior that violates our Community Guidelines.

Details: